1.022 ejercicios de ataque en fútbol
Sábháilte in:
| Príomhchruthaitheoir: | |
|---|---|
| Formáid: | LEABHAR |
| Teanga: | Spáinnis |
| Foilsithe / Cruthaithe: |
Barcelona
Paidotribo
2001
|
| Sraith: | Colección Fútbol
|
| Ábhair: | |
| Clibeanna: |
Cuir clib leis
Níl clibeanna ann, Bí ar an gcéad duine le clib a chur leis an taifead seo!
|
MARC
| LEADER | 00000nam a2200000 a 4500 | ||
|---|---|---|---|
| 001 | UCM7298 | ||
| 003 | CL-VaPUC | ||
| 008 | 021213e20010000SP |||||||||||||||||spa|d | ||
| 082 | 0 | 4 | |a 796.3342 |b VAZ |2 21 |
| 100 | 0 | |a Vázquez Folgueira, Santiago |e author |9 472841 | |
| 245 | 1 | 0 | |a 1.022 ejercicios de ataque en fútbol |
| 300 | |a 393 p | ||
| 942 | |c BK | ||
| 945 | |d 20021213 00:00:00 |a vberengu | ||
| 260 | |a Barcelona |b Paidotribo |c 2001 | ||
| 650 | 0 | |a Fútbol |9 307513 | |
| 650 | 7 | |a FUTBOL - TACTICAS |2 CL-VaPUC |9 460080 | |
| 650 | 0 | |a Deportes |9 224367 | |
| 650 | 7 | |a TACTICAS DEPORTIVAS |2 CL-VaPUC |9 464358 | |
| 583 | |a last modification |c 20021213 00:00:00 |k Rodrigo Vera | ||
| 490 | 0 | |a Colección Fútbol | |
| 999 | |c 302145 |d 302143 | ||
| 952 | |0 0 |1 0 |4 0 |6 796_334200000000000_VAZ_2001 |7 0 |8 A |9 362199 |a BIBEDU |b BIBEDU |d 2019-11-21 |i 3867374 |o 796.3342 VAZ 2001 |p 3867374 |r 2019-11-21 |w 2019-11-21 |y BK |k EFI | ||
| 952 | |0 0 |1 0 |4 0 |6 796_334200000000000_VAZ_2001 |7 0 |8 A |9 362200 |a BIBEDU |b BIBEDU |d 2019-11-21 |i 3867382 |o 796.3342 VAZ 2001 |p 3867382 |r 2019-11-21 |w 2019-11-21 |y BK |k EFI | ||
| 952 | |0 0 |1 1 |2 ddc |4 0 |6 796_334200000000000_VAZ_2001 |7 0 |8 C |9 362201 |a BIBCUR |b BIBCUR |d 2019-11-21 |i 4702166 |o 796.3342 VAZ 2001 |p 4702166 |r 2019-11-21 |w 2019-11-21 |y BK |k DEN | ||